000 00573nam a2200169 i 4500
001 60579
003 ES-MaACL
005 20230906164249.0
007 t|
008 031105s1947 sp ||||1| spa d
080 _a86-254.3"19"
100 1 _aEspinós Moltó, Víctor.
_947870
245 1 3 _aEl retablo de Fray Luis
_b: evocación escénica, en tres jornadas, precedidas de una loa en verso y prosa /
_coriginal de Víctor Espinós.
260 _a[Madrid] :
_bEditora Nacional,
_c1947 (
_fGráf. Valera)
300 _a132 p. :
_bil. ;
_c17 cm.
852 _aES-MaACL
_jC-4568
999 _c60579
_d60579